Prescripción de la acción social de responsabilidad de los administradores. Divergencias doctrinarias y jurisprudenciales (Registro nro. 21200)
[ vista simple ]
| 000 -LEADER | |
|---|---|
| fixed length control field | 00417 a2200109 4500 |
| 001 - CONTROL NUMBER | |
| control field | ART_44359 |
| 005 - DATE AND TIME OF LATEST TRANSACTION | |
| control field | 20260410161808.0 |
| 008 - FIXED-LENGTH DATA ELEMENTS--GENERAL INFORMATION | |
| fixed length control field | 260409a |
| 100 1# - MAIN ENTRY--PERSONAL NAME | |
| Personal name | Almada, Sebastián E. |
| 245 10 - TITLE STATEMENT | |
| Title | Prescripción de la acción social de responsabilidad de los administradores. Divergencias doctrinarias y jurisprudenciales |
| 773 0# - HOST ITEM ENTRY | |
| Title | Doctrina Societaria y Concursal |
| Related parts | - Nº 359 (oct. 2017) |
| Record control number | REV4298 |
No hay ítems disponibles.